Legalizing the revolution : India and the constitution of the postcolony /

"Anticolonial movements of the twentieth century generated audacious ideas of freedom. Following decolonization, the challenge was to give an institutional form to those ideas. Through an original account of India's constitution making, Legalizing the Revolution explores the promises, chal...

Full description

Bibliographic Details
Main Author: Dasgupta, Sandipto (Author)
Format: Book
Language:English
Published: Cambridge, United Kingdom ; New York, NY : Cambridge University Press, 2024.
Series:South Asia in the social sciences ; 24.
Subjects:

MARC

Tag First Indicator Second Indicator Subfields
LEADER 00000cam a2200000 i 4500
001 in00005777639
003 OCoLC
005 20241119140709.3
008 240315s2024 enk b 001 0 eng
010 |a  2024011924 
024 8 |a 40033135241 
040 |a DLC  |b eng  |e rda  |c DLC  |d OCLCO  |d ISM  |d IG#  |d YDX 
020 |a 9781108490481  |q (hardback) 
020 |a 1108490484 
020 |a 9781009525244  |q (paperback) 
020 |a 1009525247 
020 |z 9781108781039  |q (ebook) 
035 |a (OCoLC)1408649459 
042 |a pcc 
043 |a a-ii--- 
050 0 0 |a KNS1760  |b .D37 2024 
082 0 0 |a 342.54  |2 23/eng/20240317 
100 1 |a Dasgupta, Sandipto,  |e author. 
245 1 0 |a Legalizing the revolution :  |b India and the constitution of the postcolony /  |c Sandipto Dasgupta. 
264 1 |a Cambridge, United Kingdom ;  |a New York, NY :  |b Cambridge University Press,  |c 2024. 
300 |a xvii, 490 pages ;  |c 23 cm. 
336 |a text  |b txt  |2 rdacontent 
337 |a unmediated  |b n  |2 rdamedia 
338 |a volume  |b nc  |2 rdacarrier 
490 1 |a South Asia in the social sciences ;  |v 24 
520 |a "Anticolonial movements of the twentieth century generated audacious ideas of freedom. Following decolonization, the challenge was to give an institutional form to those ideas. Through an original account of India's constitution making, Legalizing the Revolution explores the promises, challenges, and contradictions of that task. In contrast to familiar liberal constitutional templates derived from the metropole, the book theorizes the distinctively postcolonial constitution through an innovative synthesis of the history of decolonization and constitutional theory. The first half of the book traces the contentious transition from the tumult of popular anticolonial politics to the ordered calculus of postcolonial governance. The second half explains how major institutions - parliament, judiciary, civil liberties, and property - were formed by that foundational tension. A major contribution to postcolonial political theory, the book excavates the unrealized futures imagined during decolonization. At the same time, through a critical account of the making of the postcolonial constitutional order, it offers keys to understanding the present crisis of that order, including and especially in India"--  |c Provided by publisher. 
504 |a Includes bibliographical references and index. 
505 0 |a Introduction : decolonization and constitution -- The anticolonial movement -- Transformations -- They, the people -- The constitutent administrator -- Democracy and parliamentarism -- Rights and repression -- Property and labour -- Judiciary and lawyers -- Conclusion : postcolonial afterlives of law and revolution -- Epilogue : the biographies of the Indian Constitution, 
586 |a AAS: Bernard S. Cohn Book Prize, 2026 
650 0 |a Constitutional law  |z India. 
650 0 |a Constitutional history  |z India. 
650 0 |a Decolonization  |z India  |x History  |y 20th century. 
650 0 |a Anti-imperialist movements  |z India  |x History  |y 20th century. 
650 0 |a Postcolonialism  |z India  |x History. 
650 0 |a Democracy  |z India. 
650 6 |a Histoire constitutionnelle  |z Inde. 
650 6 |a Daecolonisation  |z Inde  |x Histoire  |y 20e siaecle. 
650 6 |a Anti-impaerialisme  |z Inde  |x Histoire  |y 20e siaecle. 
776 0 8 |i Online version:  |a Dasgupta, Sandipto.  |t Legalizing the revolution  |d Cambridge, United Kingdom ; New York, NY : Cambridge University Press & Assessment, 2024  |z 9781108781039  |w (DLC) 2024011925 
830 0 |a South Asia in the social sciences ;  |v 24. 
945 |b 691676 
947 |a A14852274472 
980 |b print  |c 40033135241  |g 565725  |k USD  |m 108.00  |q 1  |s AcqMono Conventional  |t Approval plan  |u Vendor order reference number  |v ZYBP  |y Print approval  |z Physical resource 
999 f f |i 65670623-a500-4078-8deb-faa0e152fb33  |s f206ee93-84c1-44ba-b448-1e808e843a87  |t 0 
952 f f |p newbook  |a Texas A&M University  |b College Station  |c Sterling C. Evans Library  |s Evans nbs  |d Evans: New Book Shelves (1st floor)  |t 0  |e KNS1760 .D37 2024  |h Library of Congress classification  |i unmediated -- volume  |m A14852274472 
998 f f |a KNS1760 .D37 2024  |t 0  |l Evans: Library Stacks